000 00817nam a2200193 a 4500
008 090929s1996 ||||||||||||||||| || u
050 _aGOV.ZAM(02)1996/3
100 _aDuncan, Tyrell
245 1 0 _aProspects for sustainable human development in Zambia: more choices for our people
_cWritten by Tyrrell Duncan
260 _aLusaka:
_bGRZ/UN
_c1996
300 _aix, 126p.: ill.
350 _a0.00
650 _aSUSTAINABLE DEVELOPMENT--ZAMBIA
650 _aHUMAN DEVELOPMENT--ZAMBIA
650 0 _aAFRICA--ECONOMIC CONDITIONS
710 _aUnited Nations Children Education Fund (UNICEF)
710 _aUnited Nations Economic and Social Affairs (UNESA)
995 _D0.00
_FCBU-MAIN LIBRARY (Kitwe)
_H1
_I0.00
_M1
_UAVAILABLE
_WSep 29, 2009
_ZZambiana Collection
999 _c55165
_d55165